| 000 | 01470nam a22003977a 4500 | ||
|---|---|---|---|
| 003 | CHAP | ||
| 005 | 20220329143541.0 | ||
| 008 | 100517s2007 mx r 00010 spa d | ||
| 010 | _a98430 | ||
| 011 | _a99402 | ||
| 020 | _a9789680203802 | ||
| 035 | _a110088 | ||
| 040 | _cCHAP | ||
| 090 | _aFolleto 17648 | ||
| 100 | 0 | 0 |
_aOcampo Ledesma, Jorge Gustavo. _982604 |
| 245 | 1 | 4 |
_aLos sujetos tecnológicos y la región : _bel territorio tecnológico _c/por Jorge Ocampo Ledesma |
| 260 |
_aChapingo, Méx. : _bUACH. CIESTAAN. Programa de Investigaciones Historicas _c2007 |
||
| 300 | _a30 p. | ||
| 490 | 0 |
_aCiencia, tecnología, sociedad _v; 3 |
|
| 590 |
_aBATCH-UPD _b10 _c20130110 _lUCH01 _h0902 |
||
| 590 |
_aBATCH-UPD _b10 _c20130410 _lUCH01 _h0530 |
||
| 590 |
_aBATCH-UPD _b10 _c20130914 _lUCH01 _h0934 |
||
| 590 |
_aCONVERSION _b10 _c20130109 _lUCH01 _h1354 |
||
| 650 | 1 | 4 |
_aAgricultura _xInnovaciones tecnológicas. _91565 |
| 650 | 1 | 4 |
_aCiencia y cultura. _923148 |
| 650 | 1 | 4 |
_aCostumbres. _928552 |
| 650 | 1 | 4 |
_aTecnología _xSociedades. _9111957 |
| 830 | 0 |
_aCiencia, tecnología, sociedad _v; 3 _923166 |
|
| 901 | _aBK | ||
| 911 | _aen proceso | ||
| 942 | _cFOLL | ||
| 949 |
_aFolleto 17648 _bBC _cFOLL _d33724002168363 _eTS2 _fc.2 _i110088 _sb |
||
| 949 |
_aFolleto 17648 _bBC _cFOLL _d33724002215884 _eTS2 _fc.4 _i110088 _sb |
||
| 949 |
_aFolleto 17648 _bBC _cFOLL _d33724002215926 _eTS2 _fc.3 _i110088 _sb |
||
| 949 |
_aFolleto 17648 _bBC _cUACH _d33724002168446 _eUACH _i110088 _sb |
||
| 999 |
_c98430 _d98430 |
||